| 000 | 00648nam a22002057a 4500 | ||
|---|---|---|---|
| 003 | OSt | ||
| 005 | 20251106003734.0 | ||
| 008 | 251106b |||||||| |||| 00| 0 eng d | ||
| 020 | _a 13: 978-1-4165-6659-5. | ||
| 040 |
_aDWCL-Admin lib _cOC |
||
| 082 | _aCirc. 641.5954 B575m 2009 | ||
| 100 | _aBhide, Monica | ||
| 245 |
_a Modern spice : inspired Indian flavors for the contemporary kitchen / _cMonica Bhide |
||
| 260 |
_aN. Y. : _bSimon & Schuster, _cc2009. |
||
| 300 |
_a xvi, 265 p. : col ill. ; _c24 cm. |
||
| 504 | _aIncludes index. | ||
| 650 | _a1. Cookery, American. | ||
| 650 | _a2. Cookery, Indian. | ||
| 942 |
_2ddc _cBK-CIRC _kCirc. _n0 |
||
| 999 |
_c5509 _d5509 |
||